Doing social work research / (Record no. 3157)

MARC details
000 -LEADER
fixed length control field 00908cam a2200157 a 4500
020 ## - INTERNATIONAL STANDARD BOOK NUMBER
ISBN 9780335235643 (pbk.)
020 ## - INTERNATIONAL STANDARD BOOK NUMBER
ISBN 0335235646
050 #4 - CALL NUMBER
Classification number HV11
Item number .S65
100 1# - AUTHOR
Personal name Smith, Roger S.
245 10 - TITLE
Title Doing social work research /
Statement of responsibility, etc Roger Smith.
260 ## - PUBLICATION INFORMATION
Place of publication Maidenhead, England :
Name of publisher Open University Press,
Year of publication 2009.
300 ## - DESCRIPTION
Number of Pages 217 p. ;
Dimensions 23 cm.
505 0# - FORMATTED CONTENTS NOTE
Table of Content 1. Drivers, demands and constraints in social work research -- 2. 'What works': evidence for practice? -- 3. Critical perspectives: the view from outside -- 4. Leading the Way? Social Work Research and Service Users -- 5. From methodology to method: quantity and evidence -- 6. Critical and interpretive approaches: what's going on here? -- 7. Committed Research: models and methods -- 8. Making it Happen -- 9. Putting It All Together -- 10. The Value of Social Work Research.
650 #0 - SUBJECTS
Topical Term Social service
General subdivision Research
-- Methodology.
942 ## - ADDED ENTRY ELEMENTS (KOHA)
Koha item type Books
Holdings
Withdrawn status Lost status Collection code Home library Current library Shelving location Date acquired Full call number Accession Number Copy number Koha item type
    Reference Methodist University Library Main Methodist University Library Main General Stacks   HV11 .S65 33995 1 Books
Copyright © 2026  MUG Library